000 00950nam a2200337 a 4500
003 AR-BaBNM
005 20251128202739.0
008 082120s2002 ||||||||||||||000 | spa||
020 _a84-7100-600-6
040 _cAR-BaBNM
245 0 0 _aNavarra y América
250 _a1ª ed.
260 _aMadrid
_bMapfre
_c1992
300 _a521 p.
_btablas, gráfs.
490 0 _aLas Españas y América
_vv. 13
504 _aBibliografía para consultar p. 509-521.
650 4 _aHISTORIA SOCIAL
650 4 _aHISTORIA DE LAS COSTUMBRES
650 4 _aPERIODO HISPANICO
650 4 _aPERIODO INDEPENDIENTE
650 4 _aEMIGRACION
650 4 _aINMIGRACION
650 4 _aDEMOGRAFIA HISTORICA
651 4 _aEspaña
651 4 _aAmérica Latina
700 1 _aGallego, José Andrés
_ecoordinador
800 1 _aGallego, José Andrés
_ecoordinador
800 1 _aHernández Sánchez-Barba, Mario
_edirector
942 _cBK
998 _cmariana
999 _c381
_d381